Developing Java software / (Record no. 14290)
[ view plain ]
| 000 -LEADER | |
|---|---|
| fixed length control field | 01172cam a2200325 a 4500 |
| 001 - CONTROL NUMBER | |
| JCCL Control Number | 14290 |
| 003 - CONTROL NUMBER IDENTIFIER | |
| JCCL marc code | BD-JhCC |
| 005 - DATE AND TIME OF LATEST TRANSACTION | |
| control field | 20250227122711.0 |
| 008 - FIXED-LENGTH DATA ELEMENTS--GENERAL INFORMATION | |
| fixed length control field | 970722s1998 enka bi 001 0 eng |
| 020 ## - INTERNATIONAL STANDARD BOOK NUMBER | |
| International Standard Book Number | 0471976555 (alk. paper) |
| 035 ## - SYSTEM CONTROL NUMBER | |
| system control number | (DLC) 14290 |
| 040 ## - CATALOGING SOURCE | |
| Original cataloging agency | DLC |
| Transcribing agency | DLC |
| Modifying agency | DLC |
| 041 ## - LANGUAGE CODE | |
| Language code of Book | english |
| 050 00 - LIBRARY OF CONGRESS CALL NUMBER | |
| Classification number | QA76.73.J38 |
| Item number | W557 1998 |
| 082 00 - DEWEY DECIMAL CLASSIFICATION NUMBER | |
| Classification number | 005.133 |
| DDC Edition number | 21 |
| Author mark and Year | WIN 1999 |
| 100 1# - MAIN ENTRY--PERSONAL NAME | |
| Personal name | Winder, R. |
| Fuller form of name | (Russel) |
| 245 10 - TITLE STATEMENT | |
| Title | Developing Java software / |
| Statement of responsibility, etc | Russel Winder and Graham Roberts. |
| 260 ## - PUBLICATION, DISTRIBUTION, ETC. (IMPRINT) | |
| Place of publication, distribution, etc | Chichester ; |
| -- | New York : |
| Name of publisher, distributor, etc | John Wiley Sons, |
| Date of publication, distribution, etc | 1999. |
| 300 ## - PHYSICAL DESCRIPTION | |
| Pagination | xxi, 818 p. : |
| Other physical details | ill. ; |
| Dimensions | 24 cm. |
| 440 #0 - | |
| Title | Wordwide series in computer science |
| 504 ## - BIBLIOGRAPHY, ETC. NOTE | |
| Bibliography, etc | Includes bibliographical references (p. [799]-801) and index. |
| 650 #0 - SUBJECT ADDED ENTRY--TOPICAL TERM | |
| Topical term or geographic name as entry element | Java (Computer program language) |
| 650 #0 - SUBJECT ADDED ENTRY--TOPICAL TERM | |
| Topical term or geographic name as entry element | Application software |
| General subdivision | Development. |
| 650 #0 - SUBJECT ADDED ENTRY--TOPICAL TERM | |
| Topical term or geographic name as entry element | Object-oriented programming (Computer science) |
| 700 1# - ADDED ENTRY--PERSONAL NAME | |
| Personal name | Roberts, Graham |
| 856 42 - ELECTRONIC LOCATION AND ACCESS | |
| Materials specified | Publisher description |
| Uniform Resource Identifier | http://www.loc.gov/catdir/enhancements/fy0607/97035769-d.html |
| 856 41 - ELECTRONIC LOCATION AND ACCESS | |
| Materials specified | Table of contents only |
| Uniform Resource Identifier | http://www.loc.gov/catdir/enhancements/fy0607/97035769-t.html |
| 942 ## - ADDED ENTRY ELEMENTS (KOHA) | |
| Source of classification or shelving scheme | Dewey Decimal Classification |
| Koha item type | Books |
| Source of classification or shelving scheme | Damaged status | Not for loan | Home library | Current library | Shelving location | Date of accession | Source of acquisition | Total Checkouts | Full call number | Barcode | Date last seen | Copy number | Method of acquisition | Koha item type | Currency |
|---|---|---|---|---|---|---|---|---|---|---|---|---|---|---|---|
| Dewey Decimal Classification | JCC Rouf Library | JCC Rouf Library | General Stacks | With the compliments of Shahriar Imtiaz Rahman,27/1483/K | 005.133 WIN 1999 | 19894 | 02/27/2025 | C-1 | Gift/Donation | Books | BDT |